Metóda, ktorej trúfalosť vyráža dych

Bankový úver - tvorba peňazí vo forme dlhu - predstavuje v súčasnosti základ všetkých ekonomík na celom svete. Podiel bánk na celkovej peňažnej zásobe krajiny sa v posledných rokoch výrazne zvýšil. Vyrábanie peňazí z ničoho. Základ nestability bankového systému. Spotrebiteľ znáša stále väčšie finanč...

Descrizione completa

Salvato in:
Dettagli Bibliografici
Autore principale: Rowbotham, Michael
Natura: Capitolo di libro
Lingua:slovacco
Soggetti:
Tags: Aggiungi Tag
Nessun Tag, puoi essere il primo ad aggiungerne!!

MARC

LEADER 00000naa$a2200000$$$4500
001 0080272
005 20231016085702.1
041 0 |a slo 
044 |a SK 
245 1 0 |a Metóda, ktorej trúfalosť vyráža dych  |c Michael Rowbotham 
520 |a Bankový úver - tvorba peňazí vo forme dlhu - predstavuje v súčasnosti základ všetkých ekonomík na celom svete. Podiel bánk na celkovej peňažnej zásobe krajiny sa v posledných rokoch výrazne zvýšil. Vyrábanie peňazí z ničoho. Základ nestability bankového systému. Spotrebiteľ znáša stále väčšie finančné zaťaženie. Pokračovanie. 
610 2 0 |a banky 
610 2 0 |a úver bankový 
610 2 0 |a dlhy 
610 2 0 |a zásoba peňažná 
610 2 0 |a spotrebitelia 
100 1 |a Rowbotham, Michael